Bioinformatics : (Record no. 194498)
[ view plain ]
| 000 -LEADER | |
|---|---|
| fixed length control field | 00758nam a2200217Ia 4500 |
| 005 - DATE AND TIME OF LATEST TRANSACTION | |
| control field | 20220825105050.0 |
| 008 - FIXED-LENGTH DATA ELEMENTS--GENERAL INFORMATION | |
| fixed length control field | 210716s2009 xx 000 0 und d |
| 020 ## - INTERNATIONAL STANDARD BOOK NUMBER | |
| International Standard Book Number | 9788181473721 |
| 040 ## - CATALOGING SOURCE | |
| Transcribing agency | AIMIT LIBRARY |
| 041 ## - LANGUAGE CODE | |
| Language code of text/sound track or separate title | eng |
| 082 ## - DEWEY DECIMAL CLASSIFICATION NUMBER | |
| Classification number | 574.80285 |
| Edition number | 1 |
| Item number | LACZ |
| 245 ## - TITLE STATEMENT | |
| Title | Bioinformatics : |
| Remainder of title | managing scientific data / |
| Statement of responsibility, etc. | Edited by Zoe Lacroix and Terence Critchlow. |
| 250 ## - EDITION STATEMENT | |
| Edition statement | 1st ed. |
| 260 ## - PUBLICATION, DISTRIBUTION, ETC. | |
| Place of publication, distribution, etc. | New Delhi : |
| Name of publisher, distributor, etc. | Morgan Kaufmann . |
| Date of publication, distribution, etc. | 2009. |
| 300 ## - PHYSICAL DESCRIPTION | |
| Extent | xxi, 441p. ; |
| Dimensions | 23 cm. |
| 650 ## - SUBJECT ADDED ENTRY--TOPICAL TERM | |
| Topical term or geographic name entry element | The information integration system K2 |
| 9 (RLIN) | 55461 |
| 650 ## - SUBJECT ADDED ENTRY--TOPICAL TERM | |
| Topical term or geographic name entry element | Discovery link |
| 9 (RLIN) | 55462 |
| 650 ## - SUBJECT ADDED ENTRY--TOPICAL TERM | |
| Topical term or geographic name entry element | Compared evalution of scientific data management systems |
| 9 (RLIN) | 55463 |
| 700 ## - ADDED ENTRY--PERSONAL NAME | |
| Personal name | Critchlow, Terence.;Lacroix, Zoe |
| 9 (RLIN) | 55464 |
| 942 ## - ADDED ENTRY ELEMENTS (KOHA) | |
| Source of classification or shelving scheme | Dewey Decimal Classification |
| Koha item type | Book |
| Edition | 1st |
| Call number prefix | 574.80285 LACZ |
| Withdrawn status | Lost status | Source of classification or shelving scheme | Damaged status | Not for loan | Collection code | Home library | Current library | Source of acquisition | Cost, normal purchase price | Inventory number | Total Checkouts | Full call number | Barcode | Date last seen | Cost, replacement price | Price effective from | Koha item type |
|---|---|---|---|---|---|---|---|---|---|---|---|---|---|---|---|---|---|
| Dewey Decimal Classification | MCA | St Aloysius Institute of Management & Information Technology | St Aloysius Institute of Management & Information Technology | Intel Book Distributors | 395.00 | Bill no:8894; Bill dt:2004-04-04 | 574.80285 LACZ | MCA05766 | 07/21/2025 | 316.00 | 07/16/2021 | Book | |||||
| Dewey Decimal Classification | MCA | St Aloysius Institute of Management & Information Technology | St Aloysius Institute of Management & Information Technology | Gangarams Book Bureau | 395.00 | Bill no:6725; Bill dt:2005-03-14 | 574.80285 LACZ | MCA06483 | 07/21/2025 | 355.50 | 07/16/2021 | Book | |||||
| Dewey Decimal Classification | MCA | St Aloysius Institute of Management & Information Technology | St Aloysius Institute of Management & Information Technology | Knowledge World | Bill no:392; Bill dt:2008-03-18 | 574.80285 LACZ | MCA08058 | 07/21/2025 | 07/16/2021 | Book | |||||||
| Dewey Decimal Classification | MCA | St Aloysius Institute of Management & Information Technology | St Aloysius Institute of Management & Information Technology | Current Books | 395.00 | Bill no:392; Bill dt:2008-03-18 | 574.80285 LACZ | MCA09700 | 07/21/2025 | 284.40 | 07/16/2021 | Book | |||||
| Dewey Decimal Classification | MCA | St Aloysius Institute of Management & Information Technology | St Aloysius Institute of Management & Information Technology | Current Books | 395.00 | Bill no:8796; Bill dt:2010-04-30 | 574.80285 LACZ | MCA09701 | 07/21/2025 | 284.40 | 07/16/2021 | Book | |||||
| Dewey Decimal Classification | MCA | St Aloysius Institute of Management & Information Technology | St Aloysius Institute of Management & Information Technology | Knowledge World | 425.00 | Bill no:446; Bill dt:2015-03-20 | 574.80285 LACZ | MCA14006 | 07/21/2025 | 318.75 | 07/16/2021 | Book |